Tour de France 2024 - Top 30 der Gesamtwertung - Statistiken

Allgemein
  • Dieses Quiz wurde 130 mal gespielt
  • Das Durchschnittsergebnis liegt bei 16 aus 30
Antwortstatistiken
# Fahrer Team Zeit % Korrekt
2 Jonas Vingegaard Team Visma / Lease a bike +6:17m
99%
1 Tadej Pogačar UAE Team Emirates 83:38:56h
99%
3 Remco Evenepoel Soudal - Quick Step +9:18m
96%
6 Adam Yates UAE Team Emirates +24:07m
89%
12 Simon Yates Team Jayco AlUla +39:04m
88%
4 João Almeida UAE Team Emirates +19:03m
84%
7 Carlos Rodriguez Ineos Grenadiers +25:04m
83%
5 Mikel Landa Soudal - Quick Step +20:06m
76%
8 Matteo Jorgenson Team Visma / Lease a bike +26:34m
72%
17 Richard Carapaz EF Education-EasyPost +49:24m
68%
14 Felix Gall Decathlon AG2R La Mondiale Team +46:12m
65%
19 Enric Mas Movistar Team +1:11:05h
59%
13 Guillaume Martin Cofidis +43:49m
59%
29 Egan Bernal Ineos Grenadiers +2:03:50h
57%
11 Giulio Ciccone Lidl-Trek +30:42m
57%
18 Jai Hindley Red Bull - Bora - Hansgrohe +57:04m
56%
9 Derek Gee Israel - Premier Tech +27:21m
53%
30 Romain Bardet Team dsm-firmenich PostNL +2:04:25h
50%
10 Santiago Buitrago Bahrain Victorious +29:03m
44%
21 Wilco Kelderman Team Visma / Lease a bike +1:23:11h
43%
20 Louis Meintjes Intermarché-Wanty +1:11:50h
33%
27 Ben Healy EF Education-EasyPost +1:56:12h
29%
15 Laurens de Plus Ineos Grenadiers +46:24m
21%
16 Steff Cras TotalEnergies +49:18m
21%
25 Valentin Madouas Groupama-FDJ +1:51:59h
21%
26 Ilan Van Wilder Soudal - Quick Step +1:54:30h
20%
28 Jordan Jegat TotalEnergies +2:02:36h
13%
24 Carlos Verona Lidl-Trek +1:47:13h
12%
22 Julien Bernard Lidl-Trek +1:37:15h
10%
23 Javier Romo Movistar Team +1:42:26h
9%
Keine übereinstimmenden Quizze gefunden
Verteilung der Resultate
Anzahl Personen mit jedem Resultat
Perzentil nach korrekt beantworteten Fragen
Ihre Resultats-Entwicklung
Sie haben dieses Quiz noch nicht gespielt